000 00518nam a2200181Ia 4500
999 _c8351
_d8351
003 OSt
005 20201008102238.0
008 190216s9999||||xx |||||||||||||| ||und||
020 _a0876924054
040 _coclc
082 _a004.6
_bTAN/C
100 _aTanenbaum, Andrew S
_95418
245 0 _aComputer Networks /
_cAndrew S Tanenbaum
250 _a4th Ed.
260 _bPrentice Hall Of India Pvt Ltd,
_c1988.
_aNew Delhi:
300 _a517p
942 _cBK
_2ddc
_h004.6
_iTAN/C
_k004.6
_mTAN/C